| Tag |
First Indicator |
Second Indicator |
Subfields |
| LEADER |
00000cam a2200000Ka 4500 |
| 001 |
in00004530591 |
| 005 |
20191205081725.0 |
| 008 |
890619s1988 gw ab b 000 0 ger |
| 035 |
|
|
|a (OCoLC)ocm19891562
|
| 035 |
|
|
|a (OCoLC)19891562
|
| 035 |
|
|
|z (UtOrBLW)62676
|
| 035 |
|
|
|a 89956
|
| 040 |
|
|
|a AGL
|b eng
|c AGL
|d OCLCQ
|d UtOrBLW
|
| 041 |
0 |
|
|a ger
|b eng
|
| 049 |
|
|
|a TMVM
|
| 072 |
|
0 |
|a L810
|
| 072 |
|
0 |
|a L800
|
| 072 |
|
0 |
|a L100
|
| 072 |
|
0 |
|a L400
|
| 100 |
1 |
|
|a Mergenthal, Angelika.
|
| 242 |
0 |
0 |
|a Feeding trial to test ammonium-ferric-cyano-ferrate (II) for decorporation of radiocesium in sheep.
|y eng
|
| 245 |
1 |
0 |
|a Fütterungsversuch zur Erprobung von Ammonium-Eisen-Hexacyanoferrat für die Dekorporation von Radiocäsium bei Moorschnucken /
|c vorgelegt von Angelika Mergenthal.
|
| 264 |
|
1 |
|a Hannover :
|b [publisher not identified],
|c 1988.
|
| 300 |
|
|
|a 75 pages :
|b illustrations, map ;
|c 21 cm.
|
| 336 |
|
|
|a text
|2 rdacontent
|b txt
|
| 337 |
|
|
|a unmediated
|2 rdamedia
|
| 338 |
|
|
|a volume
|2 rdacarrier
|b nc
|
| 490 |
0 |
|
|a Inaugural-Dissertation / Tierärztliche Hochschule Hannover ;
|v 1988, [no. 38]
|
| 500 |
|
|
|a English summary.
|
| 504 |
|
|
|a Includes bibliographical references (pages 64-75).
|
| 999 |
|
|
|a MARS
|
| 999 |
f |
f |
|s bee5d5c9-c359-32f0-a33b-dff877532947
|i a744f745-ed40-36b1-a8a8-1d5213cead56
|t 0
|
| 952 |
f |
f |
|p preservation
|a Texas A&M University
|b J.J. Pickle Campus
|c High Density Repository
|d Remote Storage
|t 0
|e German dissertations
|h Other scheme
|i unmediated -- volume
|m 3238902448909
|
| 998 |
f |
f |
|a German dissertations
|t 0
|l Remote Storage
|